Anagrammes - Divinités - Statistiques

Statistiques générales
  • Ce quiz a été pris 7 441 fois
  • Le résultat moyen est 13 sur 26
Statistiques - réponses
Panthéon Divinité % Correct
Grec Zeus
91%
Grec Gaïa
89%
Romain Vénus
86%
Nordique Odin
79%
Grec Hermès
78%
Grec Poséidon
77%
Égyptien Osiris
76%
Nordique Loki
75%
Hawaïen Pélé
69%
Grec Apollon
66%
Grec Cronos
66%
Égyptien Anubis
62%
Romain Minerve
57%
Gaulois Toutatis
56%
Romain Cupidon
55%
Romain Diane
50%
Hindou Vishnou
43%
Zoroastrien Mazda
27%
Hindou Krishna
23%
Nordique Baldr
17%
Nordique Heimdall
17%
Cananéen Moloch
14%
Babylonien Marduk
8%
Zoroastrien Mithra
8%
Inuit Sedna
5%
Shinto Raiden
3%
Aucun quiz correspondant
Distribution des résultats
% des personnes avec chaque résultat
Percentile par nombre de réponses
Votre historique - résultats
Vous n’avez pas pris ce quiz